000 00705nam a22002177a 4500
003 SISC
005 20170118100850.0
008 131214b xxu||||| |||| 00| 0 eng d
020 _a9780071815024
050 _aHD 30.28
_b.C535 2013
100 _aChopyak, Christine.
245 _aPicture your business strategy :
_btransform decisions with the power of visuals /
_cChristine Chopyak.
260 _aNew York :
_bMcGraw-Hill,
_c2013.
300 _axvi, 219 pages.:
_billustrations ;
_c22 cm.
500 _aIncludes bibliographical references and index.
650 _aStrategic planning.
650 _aDecision making.
650 _aVisual analytics.
942 _2lcc
_cBK
_kFOR
999 _c25790
_d25790